| 000 | 00348nam a22001217a 4500 | ||
|---|---|---|---|
| 008 | 180521b xxu||||| |||| 00| 0 eng d | ||
| 041 | _aeng | ||
| 080 | _a043.3 | ||
| 100 | _a0 | ||
| 101 | _aSHKI-BTH | ||
| 245 |
_aPërparësit dhe mangësit e e-mësimit përmes platformave akademike në shkollimet e larta në Kosovë _cAhmeti,S |
||
| 942 |
_2udc _cBK |
||
| 999 |
_c46123 _d46123 |
||